[Event "Koge Bugt EMT A"]
[Site "Solrod"]
[Date "2001.09.26"]
[Round "7"]
[White "Nielsen, Jan Mose"]
[Black "Hansen, Johnny"]
[Result "1/2-1/2"]
[WhiteElo "1971"]
[BlackElo "1662"]
[PlyCount "93"]
[EventDate "2001.08.15"]
[EventType "tourn"]
[EventRounds "7"]
[EventCountry "DEN"]
[SourceTitle "EXT 2023"]
[Source "ChessBase"]
[SourceDate "2022.10.05"]
[SourceVersion "1"]
[SourceVersionDate "2022.10.05"]
[SourceQuality "1"]

1. d4 d5 2. Nc3 Nf6 3. Bg5 e6 4. Nf3 Be7 5. Bxf6 Bxf6 6. e4 dxe4 7. Nxe4 Nc6 8. c3 Be7 9. Bd3 a6 10. Qe2 b6 11. 0-0-0 f5 12. Ned2 b5 13. a3 0-0 14. h4 Na5 15. g4 c5 16. gxf5 exf5 17. dxc5 Re8 18. Bc2 Bxc5 19. Qf1 Qf6 20. Rg1 Be6 21. Ng5 Ba2 22. Qd3 g6 23. Qg3 Rac8 24. Rge1 Bd6 25. Nde4 fxe4 26. Rxd6 Qe5 27. Qxe5 Rxe5 28. Rxa6 Nb3+ 29. Bxb3+ Bxb3 30. Rd6 Rf8 31. Rxe4 Rxe4 32. Nxe4 Rf4 33. Nd2 Bf7 34. f3 Rxh4 35. Ne4 Rh1+ 36. Kc2 h5 37. Rd2 h4 38. Kd3 Bc4+ 39. Ke3 Kg7 40. Kf4 Kh6 41. Rg2 h3 42. Rf2 Rg1 43. Rh2 Bf1 44. b3 Bg2 45. c4 bxc4 46. bxc4 Ra1 47. Ng5 1/2-1/2

[Event "Southcoast Autumn C"]
[Site "Greve"]
[Date "1999.10.23"]
[Round "3"]
[White "Kaaber Hansen, Jacob"]
[Black "Hansen, Johnny"]
[Result "1/2-1/2"]
[WhiteElo "1668"]
[BlackElo "1715"]
[PlyCount "48"]
[EventDate "1999.10.22"]
[EventType "tourn"]
[EventRounds "5"]
[EventCountry "DEN"]
[SourceTitle "EXT 2023"]
[Source "ChessBase"]
[SourceDate "2022.10.05"]
[SourceVersion "1"]
[SourceVersionDate "2022.10.05"]
[SourceQuality "1"]

1. d4 d5 2. c4 c6 3. Nc3 Nf6 4. Nf3 e6 5. Bg5 Be7 6. e3 0-0 7. Bd3 Nbd7 8. 0-0 a6 9. cxd5 Nxd5 10. Bxe7 Nxe7 11. Ne4 Ng6 12. Qe2 e5 13. Nxe5 Ndxe5 14. dxe5 Nxe5 15. Bc2 Bg4 16. f3 Bh5 17. Rfd1 Qc7 18. Nc3 Rad8 19. Rd4 Rfe8 20. Rad1 Rxd4 21. Rxd4 b5 22. Qf2 Bg6 23. Bxg6 Nxg6 24. Re4 Qd8 1/2-1/2